000 00955cam a2200277Ia 4500
999 _c4642
_d4642
001 455799
003 GBCCL
005 20241126110523.0
008 950602s1962 pau 000 0 eng d
035 _a(OCoLC)ocm32586848
035 _a(OCoLC)32586848
040 _aSBI
_beng
_cSBI
_dOCLCG
_dOCLCQ
_dOCLCF
_dOCLCQ
_dOCLCO
_dLBB
049 _aLBBA
050 4 _aBT130
_b.P5 1962
082 _a231
_bPIN
100 1 _aPink, Arthur Walkington,
_d1886-1952.
_92836
245 1 4 _aThe attributes of God :
_ba solemn and blessed contemplation of some of the wondrous and lovely perfections of the divine character /
_cArthur W. Pink.
260 _aSwengel, Pa. :
_bReiner publications,
_c1962.
300 _a108 pages ;
_c20 cm
336 _atext
_btxt
_2rdacontent
337 _aunmediated
_bn
_2rdamedia
338 _avolume
_bnc
_2rdacarrier
650 0 _aGod
_xAttributes.
_97569
650 7 _aGod
_xAttributes.
_2fast
_0(OCoLC)fst00944039
_97569
942 _2ddc
_cBK
_08